| 000 | 00381 a2200145 4500 | ||
|---|---|---|---|
| 005 | 20250607113550.0 | ||
| 020 | _a0-02-900590 | ||
| 082 | _aREF 330.03 AMM | ||
| 100 | _aAMMER, C. | ||
| 245 | _aDictionary of Business and Economics. | ||
| 260 |
_aNew York, _bMacmillan, _c1977. |
||
| 300 |
_ax, 461p.: ill.; figure _bBibliography _c24cm. |
||
| 700 | _aAMMER, D. S. | ||
| 942 |
_2ddc _cBKS |
||
| 999 |
_c3427 _d3427 |
||